|
|
|
|
| LEADER |
00000nab a2200000 a 4500 |
| 001 |
vtls000714193 |
| 003 |
SK-MaSNL |
| 005 |
20260302194631.0 |
| 008 |
180205c2000 xo 0 slo |
| 015 |
|
|
|a SNBRB2000/02-06255
|
| 035 |
|
|
|a CLN000066360
|
| 040 |
|
|
|a SNKBUCL
|b slo
|c SNKBUCL
|e AACR2
|
| 041 |
0 |
|
|a slo
|
| 044 |
|
|
|a xo
|c SK
|
| 080 |
|
|
|a 347.9(437.6)
|2 UDC-MRF-SK2
|
| 100 |
1 |
|
|a Krajačičová, Dobroslava
|4 ain
|9 274666
|
| 245 |
1 |
0 |
|a Sudcovia naďalej tvrdo bojujú za svoju nezávislosť
|b o problémoch v justícii sa ...
|c Dobroslava Krajačičová, Štefan Harabin
|
| 300 |
|
|
|b Fotogr.
|
| 650 |
0 |
7 |
|a súdnictvo
|z Slovensko
|2 snkbucl
|9 379630
|
| 655 |
|
7 |
|a články z novín a časopisov
|2 snkbucl
|9 267496
|
| 700 |
1 |
|
|a Harabin, Štefan,
|d 1957-
|4 aut
|4 uin
|9 108193
|
| 773 |
0 |
|
|x 1335-4698
|t Slovenská republika
|g Roč. 8, č. 35 (12.2.2000), s. 9
|
| 850 |
|
|
|a Slovenská národná knižnica v Martine
|
| 852 |
|
|
|a SNK
|b KIS3GCP
|
| 958 |
|
|
|a RBX
|
| 999 |
|
|
|c 1449335
|d 1451265
|